| 000 | 00379nam a2200145Ia 4500 | ||
|---|---|---|---|
| 008 | 230917s9999||||xx |||||||||||||| ||und|| | ||
| 040 |
_e248139 _aMAIN |
||
| 041 | _aEnglish | ||
| 082 | _a294 T159B | ||
| 100 | _aTanwar, Praveen | ||
| 245 | 0 | _aBharat mein sanskritik punarjagran: Radhaswami mat Byas ka etihasik vishleshan | |
| 260 | _c2103 | ||
| 300 | _a114 p. | ||
| 942 | _cTH | ||
| 999 |
_c127458 _d127458 |
||